KPOP: Monsta X MV songs by release date - Statistics

General Stats
  • This quiz has been taken 212 times
    188 since last reset
  • The average score is 8 of 13
Answer Stats
Date Song % Correct
October 01, 2015 Hero
81%
February 18, 2019 Alligator
77%
October 22, 2018 Shoot Out
77%
May 13, 2015 Trespass
74%
November 07, 2017 Dramarama
72%
March 21, 2017 Beautiful
69%
March 26, 2018 Jealousy
64%
May 17, 2016 All In
57%
September 06, 2015 Rush
51%
June 19, 2017 Shine Forever
46%
October 03, 2016 Fighter
43%
August 07, 2016 Stuck
41%
July 27, 2017 Newton
28%
No matching quizzes found
Score Distribution
Percent of People with Each Score
Percentile by Number Answered
Your Score History
You have not taken this quiz since the last reset